LEADER 01417nam a2200301 i 4500 001 000000183484 003 CaOOAMICUS 005 20091116000000.0 008 091116s2007 it u000 u ita u 013 $a161452 020 $a978-88-215-5987-7 040 $aSeMil$bita 100 1 $aCorradi, Marina,$d<1958- >.$0(OLS)http://semarc/name/67538 245 10$aInnanzitutto uomini :$ble storie di quindici giovani preti : con un'intervista a Massimo Camisasca /$cMarina Corradi. 260 $aCinisello Balsamo :$bSan Paolo,$ccopyr. 2007. 300 $a164 p. ;$c21 cm. 490 0 $aIl pozzo. 2. serie ;$v107 650 4$aSacerdoti - Biografie.$0(OLS)http://semarc/subject/16615 650 4$aSacerdoti.$0(OLS)http://semarc/subject/7683 650 4$aSacerdoti - Inchieste.$0(OLS)http://semarc/subject/34677 700 1 $aCamisasca, Massimo,$c.$0(OLS)http://semarc/name/3404 830 3$aIl pozzo. 2. serie ;$v107.$0(OLS)http://semarc/title/9787 850 $aSeMil 852 $aSeMil$W1$xVenegono$y1$m3G V 167$j134184$B134184$CSeMilBibl$Z2$F146172 $81 961 $aOmaggio: Altro 996 $6020$a978-88-215-5987-7$9(OLS)http://semarc/number/173236 996 $6245$aInnanzitutto uomini :$ble storie di quindici giovani preti : con un'intervista a Massimo Camisasca$9(OLS)http://semarc/title/263361 996 $6260$aCinisello Balsamo :$bSan Paolo$9(OLS)http://semarc/publisher/30129 LEADER 00757nam a2200181 i 4500 001 000000054380 003 CaOOAMICUS 005 19970516000000.0 008 970516n xx u000 u fre u 013 $a25552 040 $aSeMil$bita 100 1 $aDupuis, Jacques .$0(OLS)http://semarc/name/90464 245 10$a"L'esprit de l'homme" :$bÉtude sur l'anthropologie religieuse d'Origène. 600 04$aOrigene .$0(OLS)http://semarc/subject/169 650 4$aTesi di laurea.$0(OLS)http://semarc/subject/1690 850 $aSeMil 852 $aSeMil$W1$xVenegono$y1$m2I I 466$j20534$B20534$CSeMilBibl$Z2$F20536 $81 996 $6245$a"L'esprit de l'homme" :$bÉtude sur l'anthropologie religieuse d'Origène$9(OLS)http://semarc/title/84169